000 00289nam a22001337a 4500
008 171031b xxu||||| |||| 00| 0 eng d
020 _a9780324640960
041 _aeng
080 _25 ED
_a33
100 _a58
101 _aBUS
245 _aBUSINESS LAW
_cMILLER.R.L
942 _2udc
_cBK
999 _c36718
_d36718